000 00683nam a2200265 a 4500
003 AR-BaBNM
005 20251128203853.0
008 082120s2002 ||||||||||||||000 | spa||
040 _cAR-BaBNM
100 1 _aSchneider, René
245 0 0 _aBotticelli
260 _aParís
_bHenri Laurens, Editeur
_c[s.f.]
300 _a126 p.
_bil.
490 0 _aLes grands artistes: leur vie: leur ouvre
500 _aIndice de ilustraciones en p. 125
650 4 _aBIOGRAFIAS
650 4 _aRENACIMIENTO
650 4 _aCRITICA DE ARTE
650 4 _aARTES PLASTICAS
650 4 _aESTILOS ARTISTICOS
650 4 _aARTE EUROPEO
650 4 _aPINTORES
942 _cBK
998 _cMARTIN
999 _c5265
_d5265